|
|
|
|
| LEADER |
01676nam a2200421 a 4500 |
| 001 |
EBC165333 |
| 003 |
MiAaPQ |
| 005 |
20200520144314.0 |
| 006 |
m o d | |
| 007 |
cr cn||||||||| |
| 008 |
981022r20011999enk sb 001 0 eng |
| 010 |
|
|
|z 98048276
|
| 020 |
|
|
|z 0415207991 (cloth : alk. paper)
|
| 020 |
|
|
|a 0203005635 (electronic bk.)
|
| 035 |
|
|
|a (MiAaPQ)EBC165333
|
| 035 |
|
|
|a (Au-PeEL)EBL165333
|
| 035 |
|
|
|a (CaPaEBR)ebr10070743
|
| 035 |
|
|
|a (CaONFJC)MIL33495
|
| 035 |
|
|
|a (OCoLC)70749825
|
| 040 |
|
|
|a MiAaPQ
|c MiAaPQ
|d MiAaPQ
|
| 041 |
1 |
|
|a eng
|h fre
|
| 050 |
|
4 |
|a HB105.A2
|b F3313 2001
|
| 082 |
0 |
4 |
|a 330.15/3
|2 21
|
| 100 |
1 |
|
|a Faccarello, Gilbert.
|
| 240 |
1 |
0 |
|a Aux origines de l'economie politique liberale.
|l English
|
| 245 |
1 |
4 |
|a The foundations of laissez-faire
|h [electronic resource] :
|b the economics of Pierre de Boisguilbert /
|c Gilbert Faccarello.
|
| 260 |
|
|
|a London
|a New York :
|b Routledge,
|c 2001.
|
| 300 |
|
|
|a viii, 198 p.
|
| 490 |
1 |
|
|a Routledge studies in the history of economics
|
| 504 |
|
|
|a Includes bibliographical references (p. [185]-194) and index.
|
| 533 |
|
|
|a Electronic reproduction. Ann Arbor, MI : ProQuest, 2015. Available via World Wide Web. Access may be limited to ProQuest affiliated libraries.
|
| 600 |
1 |
0 |
|a Boisguilbert, P. Le Pesant de
|q (Pierre Le Pesant),
|d 1646-1714.
|
| 650 |
|
0 |
|a Economics
|z France
|x History
|y 17th century.
|
| 651 |
|
0 |
|a France
|x Economic conditions.
|
| 655 |
|
4 |
|a Electronic books.
|
| 710 |
2 |
|
|a ProQuest (Firm)
|
| 830 |
|
0 |
|a Routledge studies in the history of economics.
|
| 856 |
4 |
0 |
|u https://ebookcentral.proquest.com/lib/matrademy/detail.action?docID=165333
|z Click to View
|